header

Treasurer's and controller's desk book (Record no. 3691)

MARC details
000 -LEADER
fixed length control field 01226nam a22003254a 4500
082 04 - DEWEY DECIMAL CLASSIFICATION NUMBER
Classification number 658.15
100 1# - MAIN ENTRY--AUTHOR NAME
Personal name Gotthilf, Daniel L.,
245 10 - TITLE STATEMENT
Title Treasurer's and controller's desk book
250 ## - EDITION STATEMENT
Edition statement 3rd ed.
260 ## - PUBLICATION, DISTRIBUTION, ETC. (IMPRINT)
Place of publication New York :
Name of publisher AMACOM,
Year of publication c2002.
300 ## - PHYSICAL DESCRIPTION
Number of Pages xix, 721 p. :
Other physical details ill.
500 ## - GENERAL NOTE
General note Includes index.
650 #0 - SUBJECT ADDED ENTRY--TOPICAL TERM
Topical Term Finance
Topical Term Business enterprises
Topical Term Controllership
856 40 - ELECTRONIC LOCATION AND ACCESS
Uniform Resource Identifier http://site.ebrary.com/lib/rucke/Doc?id=10005790

No items available.

© 2026 Rongo University
Contact us: librarian | system librarian | Rongo university